000 00512nam a2200181 4500
005 20251201170930.0
008 251128b |||||||| |||| 00| 0 eng d
020 _a978-93-6616-176-1
041 _aeng
082 _27th ed.
_aP 610.7362 DAT B11848
100 _aDatta, Parul
_9215557
245 _aPediatric Nursing Sem V and VI
260 _aNew Delhi
_bJaypee Brothers
_c2025
300 _axivi,636
_bpb
_c26.5x21cm
365 _aRupaye
_b1095
_cINR
521 _aPediatric Nursing 7th edition
942 _cBK
999 _c369186
_d369186